Normal view
MARC view
- الفلسفة الاسلامية- التصوف
Entry Topical Term
001 - CONTROL NUMBER
- control field: 40703
003 - CONTROL NUMBER IDENTIFIER
- control field: JO-AjAnu
005 - DATE AND TIME OF LATEST TRANSACTION
- control field: 20230606080747.0
008 - FIXED-LENGTH DATA ELEMENTS
- fixed length control field: 230606|| aca||aabn | a|a d
040 ## - CATALOGING SOURCE
- Original cataloging agency: JO-AjAnu
- Transcribing agency: JO-AjAnu
150 ## - HEADING--TOPICAL TERM
- Topical term or geographic name entry element: الفلسفة الاسلامية- التصوف
670 ## - SOURCE DATA FOUND
- Source citation: Work cat.: (JO-AjAnu)20863: بالي، مرفت عزت ؛ تصدير عاطف العراقي, author 40702, من قضايا الفكر الفلسفي والعلمي عند العرب : مذاهب وشخصيات